MARC

LEADER 00000nam0a2200000 4500
001 33606
005 20231030215139.0
035 |a (RuTPU)RU\TPU\book\33961 
035 |a BOOK00000612 
090 |a 33606 
100 |a 20011210d1982 m y0rusy50 ca 
101 0 |a rus 
102 |a RU 
105 |a a j 000zy 
200 1 |a Проектирование специальных электрических машин переменного тока  |e учебное пособие  |f В. А. Балагуров 
210 |a Москва  |c Высшая школа  |d 1982 
215 |a 272 с.  |c ил. 
610 1 |a электрические машины 
610 1 |a машины переменного тока 
610 1 |a специальные электрические машины 
610 1 |a проектирование 
610 1 |a расчеты 
610 1 |a учебные пособия 
675 |a 621.313.3(075.8)  |v 3 
700 1 |a Балагуров  |b В. А.  |g Владимир Александрович 
801 0 |a RU  |b 63413507  |c 20011210  |g PSBO 
801 2 |a RU  |b 63413507  |c 20170831  |g PSBO 
900 |a Специальные электрические машины 
900 |a Проектирование электрических машин 
942 |c BK